NLSUI OPAC header image

Indian penal code (Record no. 7747)

MARC details
000 -LEADER
fixed length control field 00401nam a2200157Ia 4500
008 - FIXED-LENGTH DATA ELEMENTS--GENERAL INFORMATION
fixed length control field 160316s1994 xxu||||| |||| 00| 0 eng d
082 ## - DEWEY DECIMAL CLASSIFICATION NUMBER
Classification number 345.000000
Item number SIN
100 ## - MAIN ENTRY--PERSONAL NAME
Personal name Singh Jaspal
245 ## - TITLE STATEMENT
Title Indian penal code
250 ## - EDITION STATEMENT
Edition statement 3rd
260 ## - PUBLICATION, DISTRIBUTION, ETC.
Place of publication, distribution, etc. Allahabad
Name of publisher, distributor, etc. Allahabad Law Agency
Date of publication, distribution, etc. 1994
300 ## - PHYSICAL DESCRIPTION
Extent 483p
Other physical details
Dimensions xxii
365 ## - TRADE PRICE
Price amount Rs.120/-
650 ## - SUBJECT ADDED ENTRY--TOPICAL TERM
Topical term or geographic name entry element 1.Criminal Law - Indian Penal Code
700 ## - ADDED ENTRY--PERSONAL NAME
Personal name
--
Holdings
Withdrawn status Lost status Damaged status Not for loan Home library Current library Shelving location Date acquired Cost, normal purchase price Total Checkouts Full call number Barcode Date last seen Price effective from Koha item type
        . .   30.05.2017 120.00   345 SIN 7978 14.06.2024 30.05.2017 BOOKs